000 00677nam a2200229Ia 4500
003 OSt
005 20220928113118.0
006 a|||||r|||| 00| 0
007 ta
008 220927b |||||||| |||| 00| 0 eng d
024 _a37256
037 _cTextual
040 _aSDCL
_cSDCL
_beng
041 _2eng
_aeng
082 _aX:5:(Z,2673).2'P, P0
100 _aMittal D P
245 0 _aTaxmann's new law of trade marks passing off and geographical indications of goods.
260 _aNew Delhi
_bTaxmann Allied Services
_c2000
300 _aVarious Pagination
_ccm.
942 _hX:5:(Z,2673).2'P, P0
_cTEXL
_2CC
999 _c748160
_d748160